Crispin : (Record no. 37)

MARC details
000 -LEADER
fixed length control field 01161cam a2200349 a 4500
001 - CONTROL NUMBER
control field 37
003 - CONTROL NUMBER IDENTIFIER
control field FISKH
005 - DATE AND TIME OF LATEST TRANSACTION
control field 20250821140204.0
008 - FIXED-LENGTH DATA ELEMENTS--GENERAL INFORMATION
fixed length control field 011107s2002 nyu c 000 1 eng
010 ## - LIBRARY OF CONGRESS CONTROL NUMBER
LC control number 2001051829
020 ## - INTERNATIONAL STANDARD BOOK NUMBER
Canceled/invalid ISBN 0786808284 (hardcover : alk. paper)
020 ## - INTERNATIONAL STANDARD BOOK NUMBER
Canceled/invalid ISBN 0786826429 (library : alk. paper)
040 ## - CATALOGING SOURCE
Original cataloging agency DLC
Transcribing agency DLC
Modifying agency DLC
042 ## - AUTHENTICATION CODE
Authentication code lcac
050 00 - LIBRARY OF CONGRESS CALL NUMBER
Classification number PZ7
Item number .A953 Cr 2002
082 00 - DEWEY DECIMAL CLASSIFICATION NUMBER
Classification number 813.54
Edition number 21
100 0# - MAIN ENTRY--PERSONAL NAME
Personal name Avi,
Dates associated with a name 1937-
245 10 - TITLE STATEMENT
Title Crispin :
Remainder of title the cross of lead /
Statement of responsibility, etc. Avi.
250 ## - EDITION STATEMENT
Edition statement 1st ed.
260 ## - PUBLICATION, DISTRIBUTION, ETC.
Place of publication, distribution, etc. New York :
Name of publisher, distributor, etc. Scholastic
Date of publication, distribution, etc. 2002
300 ## - PHYSICAL DESCRIPTION
Extent 262 p.
Dimensions 20 cm.
500 ## - GENERAL NOTE
General note Sequel: Crispin, at the edge of the world.
520 ## - SUMMARY, ETC.
Summary, etc. Falsely accused of theft and murder, an orphaned peasant boy in fourteenth-century England flees his village and meets a larger-than-life juggler who holds a dangerous secret.
521 ## - TARGET AUDIENCE NOTE
Target audience note 780
Source Lexile
521 ## - TARGET AUDIENCE NOTE
Target audience note N
Source Raz-Plus
650 #1 - SUBJECT ADDED ENTRY--TOPICAL TERM
Topical term or geographic name entry element Identity
Form subdivision Fiction.
650 #1 - SUBJECT ADDED ENTRY--TOPICAL TERM
Topical term or geographic name entry element Orphans
Form subdivision Fiction.
650 #1 - SUBJECT ADDED ENTRY--TOPICAL TERM
Topical term or geographic name entry element Middle Ages
Form subdivision Fiction.
651 #1 - SUBJECT ADDED ENTRY--GEOGRAPHIC NAME
Geographic name Great Britain
General subdivision History
Chronological subdivision Edward III, 1327-1377
Form subdivision Fiction.
906 ## - LOCAL DATA ELEMENT F, LDF (RLIN)
a 7
b cbc
c orignew
d 1
e ocip
f 20
g y-gencatlg
942 ## - ADDED ENTRY ELEMENTS (KOHA)
Source of classification or shelving scheme Library of Congress Classification
Koha item type Books
Suppress in OPAC No
Holdings
Withdrawn status Lost status Source of classification or shelving scheme Damaged status Not for loan Collection Home library Current library Shelving location Date acquired Total Checkouts Full call number Barcode Date last seen Date last checked out Copy number Price effective from Koha item type
    Library of Congress Classification     Juvenile Fiction Footprints International School Library Network Toul Tom Poung Campus Footprints International School Library Network Toul Tom Poung Campus TTP Primary Orange Bookshelves 08/21/2025 1 PZ7 AVI PZ7 FISSE00405 09/17/2024 09/17/2024 1 08/21/2025 Books